000
00266nam a2200097Ia 4500
008
240331s9999 xx 000 0 und d
082
_b
WIJ
100
_a
Wijayathilake, D
245
0
_a
Cases field under the prevention of domestic violence act, No.34 of 2005
942
_c
L
999
_c
1320
_d
1320